书目信息 |
| 题名: |
人工神经网络理论、设计与应用
|
|
| 作者: | 韩力群 编著 | |
| 分册: | ||
| 出版信息: | 北京 化学工业出版社 2002.01 |
|
| 页数: | 193页 | |
| 开本: | 26cm | |
| 丛书名: | ||
| 单 册: | ||
| 中图分类: | TP183 | |
| 科图分类: | ||
| 主题词: | 人工智能--理论 | |
| 电子资源: | ||
| ISBN: | 7-5025-3354-0 | |
| 000 | 00587nam0 2200193 45 | |
| 001 | 0334158551 | |
| 005 | 2003100509291855 | |
| 010 | @a7-5025-3354-0@dCNY 21.00 | |
| 100 | @a20031005d2002 km y0chiy0120 ea | |
| 101 | 0 | @achi |
| 102 | @aCN@b110000 | |
| 200 | 1 | @a人工神经网络理论、设计与应用@Aren gong shen jing wang luo li lun、she ji yu ying yong@f韩力群编著@Fhan li qun bian zhu |
| 210 | @a北京@c化学工业出版社@d2002.01 | |
| 215 | @a193页@d26cm | |
| 606 | 0 | @a人工智能@x理论 |
| 690 | @aTP183@v3 | |
| 701 | 0 | @a韩力群@Ahan li qun@4编著 |
| 801 | 0 | @aCN@bPFT@c20031005 |
| 905 | @dTP183@eH080 | |
| 人工神经网络理论、设计与应用/韩力群编著.-北京:化学工业出版社,2002.01 |
| 193页;26cm |
| ISBN 7-5025-3354-0:CNY 21.00 |
| ● |
| 相关链接 |
|
|
|
正题名:人工神经网络理论、设计与应用
索取号:TP183/H080
 
预约/预借
| 序号 | 登录号 | 条形码 | 馆藏地/架位号 | 状态 | 备注 |
| 1 | 390819 | 203908192 | 自科库301/301自科库 39排5列2层/ [索取号:TP183/H080] | 在馆 | |
| 2 | 390820 | 203908209 | 自科库301/301自科库 39排5列2层/ [索取号:TP183/H080] | 在馆 | |
| 3 | 390821 | 203908218 | 期刊室512/301自科库 35排1列2层/ [索取号:TP183/H080] | 在馆 |